| 000 | 00430cam a2200181ua 4500 | ||
|---|---|---|---|
| 020 | _cRe 1.00 | ||
| 041 |
_ahin _h |
||
| 082 |
_a891.54 _bMYD/HI |
||
| 100 | _aMydilisharan, Gupta . | ||
| 245 |
_aHiddimba / _cMydilisharan Gupta. _hTextual Documents |
||
| 250 |
_a1 / _b. |
||
| 260 |
_aIndia : _bSahitya sadan , _c1963. |
||
| 300 | _a45 ; . | ||
| 365 | _aRe 1.00 | ||
| 504 | _a | ||
| 942 | _cBK | ||
| 999 |
_c3445 _d3445 |
||